Latarbelakang Bahagian Penilaian Dan Perkhidmatan Harta

Bibliographic Details
Format: Book
Subjects:

MARC

LEADER 00000cam a2200000 7i4500
001 0000016061
005 20060202.0
040 |a INS 
090 0 0 |a KK30 
245 1 0 |a Latarbelakang Bahagian Penilaian Dan Perkhidmatan Harta   |c Kementerian Kewangan Malaysia 
300 |a Muka Surat Pelbagai :   |b il ;   |c 30cm. 
610 1 0 |a Malaysia   |c Kementerian kewangan   |c Jabatan Penilaian dan Perkhidmatan Harta 
650 0 0 |a Line and staff organiuzation 
999 |a KK00000091   |b BOOK   |c Course Notes   |e Default branch 
999 |a KK00000092   |b BOOK   |c Course Notes   |e Default branch